| Tag |
First Indicator |
Second Indicator |
Subfields |
| LEADER |
00000cam a2200000 a 4500 |
| 001 |
in00001117543 |
| 005 |
20150930072737.0 |
| 008 |
930526s1993 flua j 001 0 eng d |
| 020 |
|
|
|a 0153041730 (Unit skills assessment, t. ed.)
|
| 020 |
|
|
|a 0153008261 (Unit holistic assessment, t. ed.)
|
| 020 |
|
|
|a 0153016450 (Integrated spelling, t. ed.)
|
| 020 |
|
|
|a 0153014148 (Second language support manual)
|
| 020 |
|
|
|a 0153042672 (Writer's journal, t. ed.)
|
| 020 |
|
|
|a 0153014539 (Practice book, t. ed.)
|
| 020 |
|
|
|a 0153015063 (Texas teacher's ed., v. 1)
|
| 020 |
|
|
|a 0153015071 (Texas teacher's ed., v. 2)
|
| 020 |
|
|
|a 0153004266
|
| 035 |
|
|
|a (OCoLC)28168335
|
| 035 |
|
|
|9 AFW5082AM
|
| 040 |
|
|
|a TXA
|c TXA
|d UtOrBLW
|
| 049 |
|
|
|a TXAM
|
| 090 |
|
|
|a PE1119
|b .H336 1993
|
| 100 |
1 |
|
|a Farr, Roger C.
|
| 245 |
1 |
0 |
|a Beyond expectations /
|c senior authors, Roger C. Farr, Dorothy S. Strickland ; authors, Richard F. Abrahamson [and others].
|
| 264 |
|
1 |
|a Orlando :
|b Harcourt Brace Jovanovich,
|c [1993]
|
| 264 |
|
4 |
|c ©1993
|
| 300 |
|
|
|a 624 pages :
|b color illustrations ;
|c 27 cm.
|
| 336 |
|
|
|a text
|b txt
|2 rdacontent
|
| 337 |
|
|
|a unmediated
|b n
|2 rdamedia
|
| 338 |
|
|
|a volume
|b nc
|2 rdacarrier
|
| 490 |
1 |
|
|a HBJ writer's journal
|
| 490 |
1 |
|
|a HBJ treasury of literature
|
| 500 |
|
|
|a Includes index.
|
| 500 |
|
|
|a Accompanied by: Texas teacher's edition, and teacher's edition of: Practice book, Writer's journal, Integrated spelling, Unit skills assessment, Unit holistic assessment and Second language support manual.
|
| 500 |
|
|
|a Writer's journal in series: HBJ writer's journal.
|
| 500 |
|
|
|a Texas teacher's edition includes Texas essential elements.
|
| 521 |
0 |
|
|a Grade 6.
|
| 650 |
|
0 |
|a Readers (Elementary)
|
| 650 |
|
0 |
|a English language
|x Study and teaching (Elementary)
|
| 650 |
|
0 |
|a English language
|x Writing
|x Study and teaching (Elementary)
|
| 700 |
1 |
|
|a Strickland, Dorothy S.
|
| 700 |
1 |
|
|a Abrahamson, Richard F.
|
| 830 |
|
0 |
|a HBJ writer's journal.
|
| 830 |
|
0 |
|a HBJ treasury of literature.
|n 6.
|
| 999 |
|
|
|a MARS
|
| 999 |
f |
f |
|s 9016caa9-00ba-328e-9e8d-22cd0b0f10e4
|i 5effd47c-94a4-36f4-b971-6ae531aae6b3
|t 0
|
| 952 |
f |
f |
|p ric
|a Texas A&M University
|b Rellis Campus
|c Joint Library Facility
|s JLF
|d Remote Storage
|t 0
|e PE1119 .H336 1993
|h Library of Congress classification
|i unmediated -- volume
|k Student ed.
|m A14817088260
|
| 952 |
f |
f |
|p ric
|a Texas A&M University
|b Rellis Campus
|c Joint Library Facility
|s JLF
|d Remote Storage
|t 0
|e PE1119 .H336 1993
|h Library of Congress classification
|i unmediated -- volume
|k v.2 :Teachers ed.
|m A14817088189
|
| 952 |
f |
f |
|p ric
|a Texas A&M University
|b Rellis Campus
|c Joint Library Facility
|s JLF
|d Remote Storage
|t 0
|e PE1119 .H336 1993
|h Library of Congress classification
|i unmediated -- volume
|k v.1:Teachers ed.
|m A14817088147
|
| 998 |
f |
f |
|a PE1119 .H336 1993
|t 0
|l Remote Storage
|